00977nam a2200253Ia 450000500170000000800410001702000150005804100080007308200160008124500780009725000220017530000790019750000550027665000340033165000390036594200130040426400390041733600270045633700330048333800280051604000350054499900130057995201310059220220316235254.0121119s2003 ck abc grd 000 0 spa  a970220030X0 aspa04aR 463 bP2603aEl pequeño Larousse ilustradocdibujos, Isabelle Arslanian ... [et al.] aPrimera edición a1824 páginasbilustraciones, láminas, mapas, retratosc24 cme1 CD-ROM aIncluye sección de frases célebres y refranes 14aEspañolvDiccionarios2LEMB14aDiccionarios y enciclopedias2LEMB 2ddccREF aMéxicobEdiciones Laroussec2003 atextobtxt2rdacontent asin mediaciónbn2rdamedia avolumenbnc2rdacarrier aCO-BoRNBPbspaerdacCO-BoRNBP c449d449 00102ddc40708GENaMEGUAMALbMEGUAMALcREFd2023-04-25l0oR 463 P26pGUA003398r2023-04-25 00:00:00tEj.1w2023-04-25yREF